000 00476nam a2200157Ia 4500
003 GCL
008 140319s9999 xx 000 0 ara d
040 _aGCL /
_cGCL
082 0 4 _a810.8006
_bى ت
100 1 _aبالنثيا، انجل جنثالث
245 1 0 _aتاريخ الفكر الاندلسى /
_cبالنثيا، انجل جنثالث
300 _a790 ص
490 _a100 قصة
_v0
650 0 4 _aالادب العربى - تاريخ ونقد
942 _2ddc
_cBK
999 _c43513
_d43513